| 000 | 01109nam a22002417a 4500 | ||
|---|---|---|---|
| 999 |
_c3669 _d3669 |
||
| 003 | AR-CdUCM | ||
| 008 | 190307b ||||| |||| 00| 0 spa d | ||
| 020 | _a9972-2670-7-5 | ||
| 040 |
_aMUNICIPALIDAD PROVINCIAL DEL CUSCO _cBIBLIOTECA MUNICIPAL DEL CUSCO |
||
| 082 |
_a 305.898 / _bE 2 |
||
| 110 |
_aII Encuentro de Pueblos Quechuas de América (2005) _911920 |
||
| 245 |
_aLos pueblos indígenas ante el mundo global : _bII Encuentro de Pueblos Quechuas de América / |
||
| 260 |
_aLima : _aCusco : _bUNMSM, Facultad de Ciencias Sociales, _bINC, Dirección Regional de Cusco, _c2006. |
||
| 300 |
_a248 páginas ; _bilustraciones, fotografías, _c24 cm. |
||
| 500 | _aRealizado en Cusco, agosto del 2005. Importante reunión donde se establecen acuerdos para el desarrollo de los pueblos indígenas de Sudamérica. | ||
| 650 |
_aIndígenas de América del Sur _97418 |
||
| 650 |
_aIdentidad étnica _911670 |
||
| 650 |
_aAmérica Latina _91130 |
||
| 710 |
_aInstituto Nacional de Cultura (Perú) _92016 |
||
| 710 |
_aDirección Regional de Cultura de Cusco _92017 |
||
| 942 |
_2ddc _cLIBROS |
||
| 945 | _araen | ||